000 00403nam a2200169Ia 4500
008 230525s9999 xx 000 0 und d
020 _a978-0-19-806766-6
082 _a 621.38
_bDAS
100 _aDebaprasad Das
_945339
245 0 _aVLSI Design
250 _a3
260 _aNew Delhi
_bOxford
_c2012
300 _aXV,582p;
500 _aQuantity Number: 1
650 _aElectronics
942 _cBK
999 _c61088
_d61088